[Event "Girona Gerunda op"]
[Site "Girona"]
[Date "2021.07.21"]
[Round "5"]
[White "Diaz Comas, Jordi"]
[Black "Pales Pi, Marta"]
[Result "1-0"]
[WhiteElo "2079"]
[BlackElo "1684"]
[PlyCount "71"]
[EventDate "2021.07.19"]
[EventType "swiss"]
[EventRounds "9"]
[EventCountry "ESP"]
[SourceTitle "EXT 2022"]
[Source "ChessBase"]
[SourceDate "2021.10.06"]
[SourceVersion "1"]
[SourceVersionDate "2021.10.06"]
[SourceQuality "1"]

1. e4 d6 2. d4 Nf6 3. Nc3 g6 4. Nf3 Bg7 5. h3 0-0 6. Be3 Nbd7 7. Bc4 Nb6 8. Bb3 c6 9. a4 d5 10. e5 Ne4 11. Nxe4 dxe4 12. Nd2 Be6 13. Bxe6 fxe6 14. Nxe4 Nc4 15. Bc1 Qa5+ 16. c3 Qd5 17. Qe2 Nb6 18. 0-0 Rf5 19. Nc5 Rb8 20. b3 Nd7 21. c4 Qxd4 22. Be3 Rxe5 23. Bxd4 Rxe2 24. Nxd7 Bxd4 25. Nxb8 Bxa1 26. Rxa1 Rb2 27. Nd7 b6 28. Re1 Kf7 29. Ne5+ Kf6 30. Nxc6 Rxb3 31. Nxa7 Rb4 32. Nc8 Rxc4 33. Nxb6 Rb4 34. a5 Rb5 35. Ra1 Ke5 36. a6 1-0

[Event "Santa Eugenia op 14th"]
[Site "Girona"]
[Date "2019.08.01"]
[Round "7"]
[White "Vinolas Anglada, Laura"]
[Black "Pales Pi, Marta"]
[Result "1-0"]
[WhiteElo "1795"]
[BlackElo "1368"]
[PlyCount "91"]
[EventDate "2019.07.29"]
[EventType "swiss"]
[EventRounds "9"]
[EventCountry "ESP"]
[SourceTitle "EXT 2020"]
[Source "ChessBase"]
[SourceDate "2019.10.17"]
[SourceVersion "1"]
[SourceVersionDate "2019.10.17"]
[SourceQuality "1"]

1. e4 e5 2. Nf3 Nc6 3. Bc4 Nf6 4. Nc3 Bc5 5. d3 d6 6. Bg5 h6 7. Bxf6 gxf6 8. Na4 Rg8 9. Rg1 Bg4 10. Nxc5 dxc5 11. h3 Bxf3 12. Qxf3 Qd6 13. Qh5 Rg6 14. a3 Nd4 15. 0-0-0 Qf8 16. Rde1 0-0-0 17. c3 Nc6 18. Qf3 Kb8 19. h4 Qg7 20. Bb5 Na5 21. b4 cxb4 22. axb4 Nc6 23. Bxc6 bxc6 24. Kc2 Qf8 25. Ra1 c5 26. Qe3 Qd6 27. bxc5 Qc6 28. g3 a6 29. Rgb1+ Kc8 30. Rb4 Kd7 31. d4 Ke7 32. d5 Qa8 33. Rab1 Kf8 34. Rb7 Rc8 35. c6 a5 36. Ra7 a4 37. Rxa8 Rxa8 38. Qc5+ Kg7 39. Ra1 Rg4 40. Kd3 Kg6 41. Qb4 f5 42. Re1 h5 43. Re2 f4 44. gxf4 Rxf4 45. Ra2 Rxh4 46. Ke3 1-0

[Event "Santa Eugenia op 14th"]
[Site "Girona"]
[Date "2019.07.29"]
[Round "1"]
[White "Pales Pi, Marta"]
[Black "Moles Benali, Joan"]
[Result "1-0"]
[WhiteElo "1368"]
[BlackElo "1731"]
[PlyCount "113"]
[EventDate "2019.07.29"]
[EventType "swiss"]
[EventRounds "9"]
[EventCountry "ESP"]
[SourceTitle "EXT 2020"]
[Source "ChessBase"]
[SourceDate "2019.10.17"]
[SourceVersion "1"]
[SourceVersionDate "2019.10.17"]
[SourceQuality "1"]

1. e4 c5 2. Nc3 d6 3. Nf3 Nf6 4. Bc4 e6 5. d4 cxd4 6. Nxd4 a6 7. 0-0 Qc7 8. Bb3 Be7 9. Bf4 e5 10. Ba4+ Bd7 11. Nf5 Bxa4 12. Bg5 Bc6 13. Nxg7+ Kd8 14. Nf5 Nbd7 15. Nxe7 Kxe7 16. Qf3 Rhg8 17. Bh4 h5 18. Rad1 Rg4 19. Bxf6+ Nxf6 20. Rfe1 Rag8 21. g3 h4 22. Rd3 hxg3 23. fxg3 b5 24. Rf1 R4g6 25. Rf2 b4 26. Nd1 Bxe4 27. Qe2 Bxd3 28. Qxd3 Qb6 29. Ne3 Ng4 30. Nd5+ Ke6 31. Nxb6 Nxf2 32. Kxf2 Rh8 33. Kg2 Rgh6 34. Qc4+ Ke7 35. Nc8+ Kd7 36. Nb6+ Ke7 37. Qc7+ Kf8 38. Qd8+ Kg7 39. Qg5+ Rg6 40. Qd2 Rgh6 41. Qxb4 Rxh2+ 42. Kf3 e4+ 43. Qxe4 R8h6 44. Qd4+ Rf6+ 45. Kg4 Kg6 46. Nd5 Rff2 47. Nf4+ Kh7 48. Qe4+ Kg7 49. Nh5+ Kh6 50. Nf4 Rh5 51. Nxh5 f5+ 52. Qxf5 Rxf5 53. Kxf5 Kxh5 54. g4+ Kh6 55. g5+ Kg7 56. c4 a5 57. Ke6 1-0

[Event "Girona Gerunda op"]
[Site "Girona"]
[Date "2018.11.06"]
[Round "7"]
[White "Pales Pi, Marta"]
[Black "Garcia Castany, Josep"]
[Result "1/2-1/2"]
[WhiteElo "1370"]
[BlackElo "1650"]
[PlyCount "42"]
[EventDate "2018.09.25"]
[EventType "swiss"]
[EventRounds "9"]
[EventCountry "ESP"]
[SourceTitle "EXT 2020"]
[Source "ChessBase"]
[SourceDate "2019.10.17"]
[SourceVersion "1"]
[SourceVersionDate "2019.10.17"]
[SourceQuality "1"]

1. e4 c5 2. Nc3 d6 3. Nf3 g6 4. Bc4 e6 5. d3 Bg7 6. d4 cxd4 7. Nxd4 Nf6 8. Bg5 a6 9. 0-0 Nc6 10. Nxc6 bxc6 11. Qf3 h6 12. Bh4 g5 13. Bg3 e5 14. Rad1 Bb7 15. Bb3 0-0 16. Qe3 Nd7 17. a3 Nc5 18. Ba2 Rb8 19. b4 Ne6 20. Qd2 h5 21. h4 Bf6 1/2-1/2

[Event "Girona Gerunda op"]
[Site "Girona"]
[Date "2018.10.16"]
[Round "4"]
[White "Pales Pi, Marta"]
[Black "Romera Fernandez, Manel"]
[Result "0-1"]
[WhiteElo "1370"]
[BlackElo "1734"]
[PlyCount "76"]
[EventDate "2018.09.25"]
[EventType "swiss"]
[EventRounds "9"]
[EventCountry "ESP"]
[SourceTitle "EXT 2020"]
[Source "ChessBase"]
[SourceDate "2019.10.17"]
[SourceVersion "1"]
[SourceVersionDate "2019.10.17"]
[SourceQuality "1"]

1. e4 d6 2. d4 Nf6 3. Nc3 g6 4. Nf3 Bg7 5. Be2 b6 6. 0-0 Bb7 7. Bd3 0-0 8. Bg5 Nbd7 9. Qd2 Re8 10. d5 Nc5 11. e5 dxe5 12. Nxe5 Nxd3 13. Qxd3 Nxd5 14. Nxf7 Kxf7 15. Qf3+ Kg8 16. Rad1 c6 17. Nxd5 cxd5 18. b3 Qc8 19. Qd3 Qf5 20. Qe3 d4 21. Qd2 Bf6 22. Bxf6 Qxf6 23. Qd3 e5 24. Qc4+ Qf7 25. Qd3 Qd5 26. f3 Rad8 27. Rfe1 e4 28. Rxe4 Rxe4 29. fxe4 Qxe4 30. Qxe4 Bxe4 31. c3 d3 32. Kf2 d2 33. g3 Bc2 34. Ke2 Bxd1+ 35. Kxd1 Kf7 36. c4 Ke6 37. h4 Ke5 38. g4 Ke4 0-1